A quel club appartient ce maillot N°4 - Statistiques

Statistiques générales
  • Ce quiz a été pris 553 fois
  • Le résultat moyen est 7 sur 10
Statistiques - réponses
Par images Réponse % Correct
Nantes
98%
Monaco
97%
Dortmund
95%
Barcelone
93%
Paris
90%
Marseille
74%
Galatasaray
73%
Arsenal
42%
Leicester City
38%
Seville
7%
Aucun quiz correspondant
Distribution des résultats
% des personnes avec chaque résultat
Percentile par nombre de réponses
Votre historique - résultats
Vous n’avez pas pris ce quiz